[Event "Lignano Bella Italia op 2nd"]
[Site "Lignano Sabbiadoro"]
[Date "2023.08.18"]
[Round "2"]
[White "Casagrande, Federico"]
[Black "Leoni, Fabrizio"]
[Result "1-0"]
[WhiteElo "2145"]
[BlackElo "2054"]
[PlyCount "97"]
[EventDate "2023.08.17"]
[EventType "swiss"]
[EventRounds "9"]
[EventCountry "ITA"]
[SourceTitle "EXT 2024"]
[Source "ChessBase"]
[SourceDate "2023.10.10"]
[SourceVersion "1"]
[SourceVersionDate "2023.10.10"]
[SourceQuality "1"]

1. c4 c5 2. g3 Nc6 3. Nc3 Nf6 4. Bg2 g6 5. a3 Bg7 6. Rb1 0-0 7. b4 d6 8. Nf3 b6 9. 0-0 Bb7 10. e3 cxb4 11. axb4 d5 12. c5 bxc5 13. bxc5 Ba6 14. Qa4 Bxf1 15. Bxf1 Qc7 16. Bb5 Rfc8 17. d4 a5 18. Bd2 Rab8 19. Rc1 Nb4 20. Bf1 Nd7 21. Nb5 Qd8 22. Na7 Rc7 23. Qxa5 Ra8 24. Qxb4 Raxa7 25. c6 Nf8 26. Qb5 Qa8 27. Qxd5 Bf6 28. Qb5 e6 29. e4 Be7 30. Bf4 Ra5 31. Qc4 Ra4 32. Qb5 Rb4 33. Bxc7 Rxb5 34. Bxb5 Qa3 35. Bf4 Bd8 36. Kg2 Qa5 37. Bf1 Bc7 38. Bxc7 Qxc7 39. d5 Nd7 40. cxd7 Qxd7 41. Rd1 exd5 42. exd5 Qd6 43. Rd3 f6 44. Nd2 Kf7 45. Ne4 Qe5 46. Nc5 Qd6 47. Ne4 Qe5 48. Nd2 Ke7 49. Re3 1-0

[Event "Cattolica Vergani Cup"]
[Site "Cattolica"]
[Date "2021.12.27"]
[Round "2"]
[White "Casagrande, Federico"]
[Black "Palozza, Flavio"]
[Result "1-0"]
[WhiteElo "2123"]
[BlackElo "1830"]
[PlyCount "79"]
[EventDate "2021.12.26"]
[EventType "swiss"]
[EventRounds "9"]
[EventCountry "ITA"]
[SourceTitle "EXT 2023"]
[Source "ChessBase"]
[SourceDate "2022.10.05"]
[SourceVersion "1"]
[SourceVersionDate "2022.10.05"]
[SourceQuality "1"]

1. d4 g6 2. c4 Bg7 3. Nc3 c6 4. e4 d5 5. cxd5 cxd5 6. e5 Nc6 7. Nge2 f6 8. f4 Nh6 9. Be3 Ng4 10. Bg1 0-0 11. h3 Nh6 12. g3 b6 13. Bg2 e6 14. Nb5 a5 15. Bf2 Ba6 16. Nec3 Qd7 17. Bf1 Nf7 18. Be2 Rac8 19. 0-0 Rfd8 20. Qb3 Qb7 21. Rac1 Na7 22. Rfd1 Nxb5 23. Nxb5 Rxc1 24. Rxc1 Rc8 25. Rc3 Rxc3 26. bxc3 fxe5 27. dxe5 Bf8 28. Bg4 Nd8 29. Nd4 Bc4 30. Qa4 Kf7 31. Nf3 h6 32. Qc2 Bc5 33. Nh4 Bxf2+ 34. Kxf2 Qe7 35. Qxg6+ Kf8 36. Bh5 Qc5+ 37. Kf3 Qg1 38. Qe8+ Kg7 39. Qe7+ Kg8 40. Qxd8+ 1-0

[Event "Cattolica Vergani Cup"]
[Site "Cattolica"]
[Date "2021.12.27"]
[Round "3"]
[White "Machidon, Cristi"]
[Black "Casagrande, Federico"]
[Result "1-0"]
[WhiteElo "2282"]
[BlackElo "2123"]
[PlyCount "89"]
[EventDate "2021.12.26"]
[EventType "swiss"]
[EventRounds "9"]
[EventCountry "ITA"]
[SourceTitle "CBM 206 Extra"]
[Source "ChessBase"]
[SourceDate "2022.03.31"]
[SourceVersion "1"]
[SourceVersionDate "2022.03.31"]
[SourceQuality "1"]

1. d4 Nf6 2. c4 e6 3. Nc3 Bb4 4. Qc2 b6 5. e4 c5 6. d5 Qe7 7. Nge2 d6 8. h3 exd5 9. exd5 Nbd7 10. Be3 b5 11. a3 Ba5 12. Ng3 Nb6 13. 0-0-0 bxc4 14. Bg5 Qe5 15. Nce4 Nxe4 16. f4 Qxg5 17. fxg5 Nxg3 18. Bxc4 Nxh1 19. Bb5+ Bd7 20. Bxd7+ Nxd7 21. Rxh1 Kd8 22. Qa4 Bc7 23. Qh4 g6 24. Rf1 Ne5 25. Kc2 c4 26. Rf6 Ke7 27. Qf2 Bb6 28. Re6+ fxe6 29. Qf6+ Kd7 30. Qg7+ Kc8 31. Qxh8+ Kb7 32. Qxh7+ Bc7 33. dxe6 Re8 34. h4 Rxe6 35. Qg8 Re7 36. g4 Rf7 37. h5 d5 38. hxg6 Rd7 39. g7 d4 40. Qf8 d3+ 41. Kd1 Bd6 42. Qf6 c3 43. bxc3 Nc4 44. g8Q Nb2+ 45. Kd2 1-0

[Event "Lisbon Portugal op"]
[Site "Lisbon"]
[Date "2020.01.27"]
[Round "4"]
[White "Casagrande, Federico"]
[Black "Balbuena Fuentes, Mario"]
[Result "0-1"]
[WhiteElo "1999"]
[BlackElo "2234"]
[PlyCount "132"]
[EventDate "2020.01.25"]
[EventType "swiss"]
[EventRounds "9"]
[EventCountry "POR"]
[SourceTitle "CBM 194"]
[Source "ChessBase"]
[SourceDate "2020.01.27"]
[SourceVersion "1"]
[SourceVersionDate "2020.01.27"]
[SourceQuality "1"]

1. d4 e6 2. c4 b6 3. Nf3 Bb7 4. g3 Bb4+ 5. Nbd2 Bxf3 6. exf3 Qf6 7. a3 Bxd2+ 8. Bxd2 Qxd4 9. Qc2 Qe5+ 10. Qe4 Qxe4+ 11. fxe4 e5 12. Bc3 d6 13. f4 f6 14. 0-0-0 Nd7 15. b4 Ke7 16. Bh3 Rd8 17. Rd5 Nh6 18. Rhd1 Nf7 19. Kc2 h5 20. Kb3 h4 21. Bxd7 Rxd7 22. a4 hxg3 23. hxg3 Rh3 24. R5d3 Rd8 25. a5 Rdh8 26. Ka4 R8h5 27. Be1 exf4 28. gxf4 Rxd3 29. Rxd3 Nd8 30. Rg3 Kf7 31. f5 Rh2 32. axb6 axb6 33. Bc3 Re2 34. Rg4 Re3 35. Ba1 Nc6 36. Kb5 Na7+ 37. Ka4 Re2 38. Bc3 c5 39. b5 Nc8 40. Kb3 Ne7 41. Bb2 g5 42. fxg6+ Nxg6 43. Ba1 Rf2 44. Bc3 Ne5 45. Bxe5 dxe5 46. Rh4 Rf3+ 47. Kc2 Rf4 48. Rh7+ Kg6 49. Rb7 Rxe4 50. Kc3 Re3+ 51. Kd2 Rh3 52. Rxb6 Kf5 53. Rc6 Ke4 54. Rxf6 Kd4 55. Rd6+ Kxc4 56. b6 Rb3 57. Ke2 Rb4 58. Ke3 Kb3 59. Rd1 Kb2 60. Rd2+ Kc1 61. Rd5 c4 62. Rxe5 c3 63. Rc5 c2 64. Kd3 Rb3+ 65. Kd4 Rxb6 66. Rh5 Kb1 0-1

[Event "Lisbon Portugal op"]
[Site "Lisbon"]
[Date "2020.01.26"]
[Round "3"]
[White "Montero Montero, Juan Jose"]
[Black "Casagrande, Federico"]
[Result "0-1"]
[WhiteElo "1744"]
[BlackElo "1999"]
[PlyCount "80"]
[EventDate "2020.01.25"]
[EventType "swiss"]
[EventRounds "9"]
[EventCountry "POR"]
[SourceTitle "EXT 2021"]
[Source "ChessBase"]
[SourceDate "2020.10.23"]
[SourceVersion "1"]
[SourceVersionDate "2020.10.23"]
[SourceQuality "1"]

1. e4 c6 2. Nf3 d5 3. exd5 cxd5 4. d4 g6 5. c3 Bg7 6. Be3 Nf6 7. h3 0-0 8. Be2 Nc6 9. Qc1 Re8 10. 0-0 Bd7 11. Ne5 Nxe5 12. dxe5 Ne4 13. Bd4 Qc7 14. f4 Ng3 15. Rf2 Nxe2+ 16. Rxe2 Rec8 17. Qe3 b6 18. Nd2 Bf8 19. Qg3 a5 20. Rf2 e6 21. Nf3 b5 22. Nh4 b4 23. f5 exf5 24. Nxf5 bxc3 25. bxc3 Bxf5 26. Rxf5 Bg7 27. Rf2 Re8 28. Re2 Ra6 29. Qd3 Rae6 30. Rae1 Bxe5 31. Bxe5 Rxe5 32. Rxe5 Rxe5 33. Rb1 Qc5+ 34. Qd4 Qc7 35. Rb5 Re1+ 36. Kf2 Re4 37. Qd2 Qh2 38. Qg5 h6 39. Qxh6 Rf4+ 40. Ke3 Qg3+ 0-1

[Event "Venice Autumn op-A 23rd"]
[Site "Venice S Leonardo"]
[Date "2016.11.01"]
[Round "5.11"]
[White "Casagrande, Federico"]
[Black "Bonan, Yves"]
[Result "1/2-1/2"]
[WhiteElo "1870"]
[BlackElo "1886"]
[PlyCount "114"]
[EventDate "2016.10.29"]
[EventType "swiss"]
[EventRounds "6"]
[EventCountry "ITA"]
[SourceTitle "EXT 2023"]
[Source "ChessBase"]
[SourceDate "2022.10.05"]
[SourceVersion "1"]
[SourceVersionDate "2022.10.05"]
[SourceQuality "1"]

1. d4 d5 2. c4 Bf5 3. Qb3 e5 4. Qxb7 Nd7 5. dxe5 dxc4 6. e4 Rb8 7. Qxa7 Bb4+ 8. Bd2 Bxe4 9. Bxb4 Rxb4 10. Qd4 Ba8 11. a3 c5 12. Qd2 Rb8 13. Nc3 Nxe5 14. Qxd8+ Rxd8 15. f3 Nf6 16. Nh3 0-0 17. Be2 Nd3+ 18. Bxd3 cxd3 19. 0-0 Nd5 20. Nxd5 Bxd5 21. Rfd1 Bb3 22. Rd2 c4 23. Nf2 Rfe8 24. Kf1 Rb8 25. Nd1 Re5 26. Kf2 Re6 27. Rc1 Rbe8 28. Nc3 f5 29. f4 h6 30. g3 g5 31. Rg1 Bc2 32. Ra1 Rb6 33. Nd1 Reb8 34. Ne3 Rxb2 35. Nxc4 Rb1 36. Rxb1 Rxb1 37. Ne3 Rh1 38. Kg2 Ra1 39. Nxf5 gxf4 40. gxf4 Rxa3 41. Nxh6+ Kh7 42. Ng4 Ra2 43. Kf3 Ra8 44. Ne5 Rd8 45. Ke3 Re8 46. Rf2 Kg7 47. Kd2 Kf6 48. Nxd3 Bxd3 49. Kxd3 Kf5 50. h4 Rh8 51. Ke3 Rxh4 52. Rf3 Rh2 53. Rg3 Ra2 54. Rg5+ Kf6 55. Kf3 Ra1 56. Rb5 Rf1+ 57. Kg4 Rg1+ 1/2-1/2

[Event "Olbia CIG U16 24th"]
[Site "Olbia"]
[Date "2016.06.30"]
[Round "7"]
[White "Casagrande, Federico"]
[Black "Orfini, Nicolo"]
[Result "1/2-1/2"]
[WhiteElo "1731"]
[BlackElo "2056"]
[PlyCount "78"]
[EventDate "2016.06.26"]
[EventType "swiss"]
[EventRounds "9"]
[EventCountry "ITA"]
[SourceTitle "EXT 2024"]
[Source "ChessBase"]
[SourceDate "2023.10.10"]
[SourceVersion "1"]
[SourceVersionDate "2023.10.10"]
[SourceQuality "1"]

1. d4 d6 2. c4 Nf6 3. Nc3 g6 4. e4 Bg7 5. Nf3 0-0 6. Be2 e5 7. d5 a5 8. b3 Na6 9. Ba3 Nd7 10. 0-0 Ndc5 11. Nd2 f5 12. Rb1 f4 13. b4 axb4 14. Bxb4 Nxb4 15. Rxb4 Kh8 16. Rb1 g5 17. Nb3 Nd7 18. h3 b6 19. Ra1 Nf6 20. a4 Rg8 21. Bg4 Bf8 22. a5 Rb8 23. axb6 cxb6 24. Qe2 Bxg4 25. hxg4 h5 26. gxh5 g4 27. f3 g3 28. Rfb1 Rg5 29. Kf1 Rxh5 30. Ke1 Rc8 31. Kd2 Qc7 32. Ra4 Nd7 33. Nb5 Qd8 34. Rba1 Rh7 35. Na7 Nc5 36. Nxc5 Rxc5 37. Nc6 Rxc6 38. dxc6 Qc7 39. Ra8 Kg8 1/2-1/2